zpět

Detail výsledku týmu

Infinity c&c bar, Zlín

Datum a čas kvízu

22 Celkem bodů Celkový počet nahraných bodů na tomto kvízu bez doplňovacích otázek.
10. Pořadí na kvízu Konečné umístění týmu na tomto kvízu.

Zaznamenané odpovědi

# Otázka Odpověď Body Výsledky
1. V pondělí odpoledne došlo k za... Merkur 0
2. Kanál Netflix se chystá revido... o Polsku 0
3. Ve čtvrtek vstoupil do našich... Amnestie 0
4. 11. listopadu se ve světě již... na nezadané 0
5. Ve kterém českém městě se odeh... v Plzni 1
6. Téma o tomto komikovi si vybra... v Litoměřicích 1
7. Jak se jmenuje herečka zdatně... Iva Janžurová 1
8. Ve scénce Luštitel křížovek Ho... Právě proto tam budou vzácný. 1
9. Kde se odehrává tato scénka? A... B) na hřbitově 1
10. Ve scénce V restauraci hraje H... C) U Nudle 0